MDQL
is popping MORE tags! Check the
thread
!
Quizzes
Events
Quiz Creation
Community
Videos
Private Events
Remove Ads
Sign In
Join for FREE
Feedback
Dark Mode
Quiz Categories
Sports
Geography
Music
Movies
Television
Just For Fun
Miscellaneous
History
Literature
Language
Science
Gaming
Entertainment
Religion
Holiday
For Kids
Quiz Lab
Recent
Popular Today
Quiz Kudos Today
Editor Picks
Curator Picks
Quizzes by...
Day
Popularity
Type
Ratings
Length
Year
Community
Subscriptions
Recent Discussions
Orange Saloon
Badges
Playlists
Quests
Create
Leaderboards
Showdown
Live 5
Trivia Bingo
Activity
Puzzle Library
Sporcle Events
Private Events
Virtual Trivia
Globe League
Become a Host
Pub Owners
SporcleCon
Opinionation
Our Games
Videos
Blog
Mobile Apps
Partnerships
Remove Ads and Go Orange
Feedback
Literature
Harry Potter
A Song of Ice and Fire
The Hunger Games
Literary Character
Shakespeare
Book
Author
Novel
Poem
Young Adult
Children's Books
Play
Lord of the Rings
Literature
Harry Potter
A Song of Ice and Fire
The Hunger Games
Literary Character
Shakespeare
Book
Author
Novel
Poem
Young Adult
Children's Books
Play
Lord of the Rings
Random Quiz
Search Sporcle
×
Quiz Lab
Quiz Lab
Literature
geek
Type in answers that appear in a list
Type in answers that appear in a list
Classic
Best Score? Go Orange.
Geek of the Week: 1/3/17 Stats
Can you name the Geek of the Week: 1/3/17?
By
chluke
20m
31 Questions
8 Plays
8 Plays
8 Plays
Comments
Comments
Give Quiz Kudos
Give Quiz Kudos
-
- Ratings
hide this ad
Random Order
Randomize order of answers
Randomize order of answers
Replay
Link that replays current quiz
Next Quiz
Link to next quiz in quiz playlist
You Got
0%
They Got
Avg Score
29%
Avg Friend Score
Upgrade to see
Score Distribution
Jump to the score distribution portion of the page
Score
0/31
Timer
20:00
0
Plays Today
Hint
Answer
% Correct
Tom’s gift to his mistress
puppy
62.5%
The protagonist of the novel known for his elaborate parties (first and last names)
Jay Gatsby
62.5%
This character is behind the wheel when Myrtle is killed
Daisy
50%
Jordan plays this professionally
golf
50%
(a.k.a-
-
gender lens) a literary criticism that looks at the issues of gender in the literature; it often challenges male-
dominated lenses or the attitude of the author
feminist
37.5%
who said, “All right, ...I'm glad it's a girl. And I hope she'll be a fool – that's the best thing a girl can be in this world, a beautiful little fool.' (first and last name)
Daisy Buchanan
37.5%
who said, 'Civilization is going to pieces' 'If we don't look out the white race will be -
-
will be utterly submerged.' (first and last name)
Tom Buchanan
37.5%
Daisy’s voice is full of _
_
_
_
_
_
_
_
_
_
_
_
_
money
37.5%
Tom initiates his planned confrontation with Gatsby by mocking his habit of calling people “_
_
_
_
_
_
_
_
_
_
_
_
_
.”
old sport
37.5%
Business associate of Gatsby; it’s rumored he fixed the 1919 World Series (last name)
Wolfshiem
37.5%
Guest who never left one of Gatsby's parties. Now he plays the piano in his mansion.
klipspringer
37.5%
Owner of the run-
down auto shop at the edge of the Valley of Ashes (first and last name)
George Wilson
37.5%
Gatsby told Nick he was educated here
Oxford
37.5%
Young man from Minnesota who moves to New York after being educated at Yale
Nick
37.5%
Daisy and Tom’s daughter
Pammy
37.5%
a literary theory that examines the issues of class and poverty found within the text
marxist
25%
Hint
Answer
% Correct
who said, “I am still a little afraid of missing something if I forget that, as my father snobbishly suggested, and I snobbishly repeat, a sense of the fundamental decencies is p
Nick Carraway
25%
Wilson’s death is a _
_
_
_
_
_
_
_
_
_
_
_
_
_
_
_
_
Suicide
25%
The place between East Egg and West Egg
Valley of Ashes
25%
Nick met him in the library; he is amazed the books are real
Owl Eyes
25%
Gatsby’s real name
James Gatz
25%
Gatsby’s profession when he first met Daisy
Soldier
25%
Daisy’s friend with whom Nick becomes intrigued
Jordan
25%
Showed Gatsby how to live in the rich man's world
Dan Cody
25%
Tom breaks Myrtle’s _
_
_
_
_
_
_
_
_
_
_
_
_
nose
25%
who said, “They’ll keep out of my way…it takes two to make an accident” (first and last name)
Jordan Baker
12.5%
Tom suspects Gatsby made his money doing this
Bootlegging
12.5%
Tom Buchanan’s sport
polo
12.5%
who said, 'I told that boy about the ice….These people! You have to keep after them all the time.' (first and last name)
Myrtle Wison
0%
Tom’s mistress (just first name)
Mytrle
0%
His eyes overlook the Valley of Ashes
Dr. T.J. Eckleberg
0%
Quiz Playlist
Details
Report
Send in Message
Add To Playlist
Classic:
Type in answers that appear in a list
Random Order:
Randomize order of answers
Last Updated: Feb 16, 2017
Quiz Scoreboard
CHALLENGE
Sign Up to Join the Scoreboard
Show All
Scores
Hide
Comments
May contain spoilers
Recently Published
Colored Red Africa Blitz
by spor1
Geography
30s
Find the 'City' Movie
by crazypaving
Movies
60s
5x2 Blitz: Bands
by SL_Kpop136
Music
30s
More to Explore
Quiz From the Vault
Featured Blog Post
14 Easter Pick-up Lines to Find Eggs With
hide this ad
You Might Also Like...
Tags
geek
Week
Week 1
Today's Top Quizzes in Literature
Browse Literature
hide this ad
Top Contributed Quizzes in Literature
1
Sneaky Slytherin Logic Puzzle
2
One Thing in Common: Literature II
3
A Series of Unfortunate Events logic puzzle
4
Harry Potter Clickable Logic Puzzle #4
5
Multi-Category Minefield Blitz: Hunger Games
6
Harry Potter logic puzzle: Forensics Investigation
7
10-to-1 Game Of Thrones
8
10 Layers of Google Translate: Stephen King Books
9
Hunger Games Tributes Logic Puzzle
10
Characters With Most Lines in 'Catching Fire'
Explore More
Trending Topics
Disney
Crossword
NBA
Kpop
Anime
Marvel
Harry Potter
Pokémon
The Office
Country
NFL
Puzzle
WWE
Soccer
Song
hide this ad
More By:
chluke
Quiz
Plays
Rating
Category
Featured
Created
Argument Review
24
Literature
Mar 22, 2017
11th Grade English Terms and Vocabulary
9
Literature
Jan 12, 2016
Geek of the Week: 1/3/17
8
Literature
Jan 3, 2017
Go to Creator's Profile
Score Distribution
Quiz Creator Spotlight
chluke
Follow
Send a Message
Quizzes Created
-
Created Quiz Play Count
-
More By This Creator
Popular Quizzes Today
1
5x2 Blitz: Bands
2
Find the 'City' Movie
3
Colored Red Africa Blitz
4
Find the US States - No Outlines Minefield
5
The Countries of the World
6
Find the US States
7
9x9 Crossword: Cartoon Network
8
US States
More Literature Quizzes
3 Books by Leo Tolstoy
Quiz Lab
Trending Quizzes
Colored Red Africa Blitz II
Colored Red Europe Blitz I
Christmas Pick: Judaism
Colored Red Africa Blitz III
Colored Red Europe Blitz II
Recently Updated
Champions League XIs: Real Madrid
pecheneg
Largest US Cities 1790-2010
pecheneg
Rides in Walt Disney World
pecheneg
Most Oscar Losses (Acting)
pecheneg
Beyoncé Albums
pecheneg
Leaping Animals
pecheneg
Reality TV Shows (A-Z)
bhenderson79
Rickey Henderson's Hall of Fame Teammates
pecheneg
Champions League XIs: Arsenal
pecheneg
Quick Pick: Celebrities in WWE's Hall of Fame
aduchscher
Trending Topics
Anime
NBA
Kpop
Disney
Harry Potter
Crossword
Marvel
The Office
Country
NFL
Pokémon
Soccer
WWE
Puzzle
Song
Your Account Isn't Verified!
In order to create a playlist on Sporcle, you need to verify the email address you used during registration. Go to your
Sporcle Settings
to finish the process.
Report this User
Report this user for behavior that violates our
Community Guidelines
.
Details:
Send Report
Go to the Sporcle.com Mobile Site →
Comments